Groups of Things - Jedi: Fallen Order - Statistics

General Stats
  • This quiz has been taken 88 times
  • The average score is 24 of 46
Answer Stats
Hint Answer % Correct
Mantis Crew Members Cal Kestis
100%
Nightsister Merrin
90%
Cere Junda
88%
Dathomir
88%
Greez Dritus
88%
Ninth Sister
88%
Zeffo
88%
Kashyyyk
86%
Imperial Bosses Second Sister
86%
Bogano
84%
Darth Vader
82%
Push
80%
Pull
78%
Planets Visited Bracca
76%
Ilum
71%
Nur
71%
Oggdo
69%
Jedi Flip
67%
Imperial Troopers Stormtrooper
67%
Creature Bosses Oggdo Bogdo
59%
Oggdo Bogdo
59%
Skills Cal Learns Wall Run
55%
Scout Trooper
45%
Upgrades BD-1 Acquires Scomp Link
41%
Purge Troopers Electrobaton Purge Trooper
39%
Security Droid
39%
Rabid Jotaz
37%
AT-ST
35%
Flame Trooper
35%
Albino Wyyyschokk
33%
Electrostaff Purge Trooper
33%
Nydak Alpha
33%
Powered Zipline
33%
Three Zeffo Sages Eilram
31%
Miktrull
29%
Bogano Creatures Bog Rat
27%
Electrohammer Purge Trooper
22%
Gorgara
20%
Purge Trooper Commander
20%
Rocket Trooper
20%
Slice: Probe Droid
16%
Slice: Security Droid
16%
Splox
16%
Kujet
14%
Overcharge
12%
Heavy Stormtrooper
2%
No matching quizzes found
Score Distribution
Percent of People with Each Score
Percentile by Number Answered
Your Score History
You have not taken this quiz